000 01072nam a2200205 a 4500
001 55841
005 20180714051326.0
008 140415s2009 mx 000 0 spa d
020 _a9786074480160
041 _aspa
082 _a636.007
_bTRU
100 1 _aTRUETA SANTIAGO, RAFAEL
245 1 0 _aPROYECTOS GANADEROS :
_bTEORIA Y PRACTICA
250 _a1a ed.
260 _aMEXICO :
_bMANUAL MODERNO,
_c2009
300 _a378
_c21 x 1.4 x 27.5
520 _aLA CREACION DE UN PROYECTO ES ESENCIAL CUANDO SE ESTA EVALUANDO EL POTENCAIL DE UN NEGOCIO O CUANDO SE PIDE UN FINANCIAMIENTO. PROYECTOS GANADEROS. TEORIA Y PRACTICA, ES UNA OBRA ORIGINAL QUE APORTA INFORMACION TEORICA, CONCEPTUAL Y METODOLOGICA DE ALTO VALOR ACADEMICO Y TECNICO. ASIMISMO, PROPORCIONA HERRAMIENTAS CONCEPTUALES, ASI COMO EJEMPLOS DE APLICACION DE GRAN UTILIDAD PARA LA FORMULACION Y EVALUACION DE PROYECTOS GANADEROS.
650 1 4 _aGANADERIA
_xPROYECTOS
_xDESARROLLO AGRICOLA
_xINVESTIGACION
_xMETODOLOGIA
_xGANADERIA
_xEVALUACION
700 1 _aGONZALEZ PADILLA, EVERARDO
_eprĂ³l.
999 _c55841
_d55841